Pays les plus proches du Liban - Statistiques

Statistiques générales
  • Ce quiz a été pris 75 fois
  • Le résultat moyen est 17 sur 20
Statistiques - réponses
km Pays % Correct
0 Syrie
98%
0 Palestine / Israël
97%
911 Iran
95%
134 Jordanie
95%
310 Arabie Saoudite
92%
249 Irak
92%
334 Turquie
92%
339 Egypte
91%
293 Chypre
88%
1706 Qatar
88%
1198 Koweit
82%
2247 Oman
80%
1830 Émirats Arabes Unis
78%
1042 Arménie
77%
920 Grèce
77%
1655 Bahrein
75%
1140 Géorgie
72%
1205 Libye
72%
2292 Tunisie
60%
1308 Soudan
51%
Aucun quiz correspondant
Distribution des résultats
% des personnes avec chaque résultat
Percentile par nombre de réponses
Votre historique - résultats
Vous n’avez pas pris ce quiz